000 01708nam a2200241 a 4500
001
003 OSt
005 20230215083523.0
008 180327s2012 dr 000 0 spa d
040 _aDO-SdBNP
_bspa
_cBNPHU
082 4 _a343.034
_bR426L, 2012
_222
110 2 _aRepública Dominicana
_911088
_bMinisterio de Hacienda.
_bDirección General de Presupuesto.
240 _a [Leyes, etc.]
245 1 0 _aLey de presupuesto general del Estado, 2012
260 _aSanto Domingo :
_bMinisterio de Hacienda,
_c2012
300 _av. ;
_c28 cm.
500 _aPublicación oficial
505 2 _av.1. : Informe explicativo presupuesto 2012 --
_t Primera parte : Ley de presupuesto general del Estado 2012 --
_tGráficos sobre los ingresos --
_tInformación de los gastos 2012 --
_tGráficos sobre los gastos --
_tTransferencias a instituciones por fuentes de financiamiento --
_tFinanciamiento y ejecución de proyectos de inversión --
_tTercera parte : Ditribución institución de los gastos apropiados --
_tPoder Legislativo :
_tPoder Ejecutivo --
_tPoder Judicial --
_tOrganismos especiales --
_tCategoría institucionales --
_t v.2 : Primera parte : Informaciones sobre los ingresos año 2012 --
_tInformaciones sobre los gastos año 2012 --
_tInstituciones descentralizadas y autónomas no financieras --
_tSegunda parte : Instituciones públicas de la seguridad social --
_tInformaciones sobre los ingresos año 2012 --
_tInformaciones sobre los gasto año 2012 --
_tInstituciones públicas de la seguridad social.
590 _aInventariado, 2021 /VM
650 4 _aPresupuesto
_xLegislación
_zRepública Dominicana
_97940
_2
_y2012
910 _aVMateo/Validado. Control de calidad MFF
942 _2ddc
_cLBS1
999 _c49306
_d49306